000 00306nam a22001337a 4500
008 170907b xxu||||| |||| 00| 0 eng d
020 _a9780847818938
041 _aeng
080 _a72
100 _a41
101 _aARK
245 _aEAST EUROPE MODERNISM ARCHITECTURE
_cSLAPETA.V
942 _2udc
_cBK
999 _c26435
_d26435